A unified view of the law of the wall using mixing-length theory /

Bibliographic Details
Main Author: Patel, V. C. (Virendrakumar Chaturbhai)
Corporate Author: Naval Ship Research and Development Center
Format: Book
Language:English
Published: Iowa City : Institute of Hydraulic Research, University of Iowa, 1972.
Series:IIHR report ; no. 137.
Subjects:
Online Access:Available freely from University of Iowa. Iowa Institute of Hydraulic Research (IIHR) Repository

MARC

Tag First Indicator Second Indicator Subfields
LEADER 00000cam a2200000Ii 4500
001 in00001698521
005 20230814151619.4
008 760131s1972 iaua s000 0 eng d
035 |a (OCoLC)ocm01957550 
040 |a TRL  |c TRL  |d OCLCQ  |d TXA  |d UtOrBLW 
049 |a TXAM 
090 |a TC1  |b .I674 no.137 
100 1 |a Patel, V. C.  |q (Virendrakumar Chaturbhai) 
245 1 2 |a A unified view of the law of the wall using mixing-length theory /  |c by V.C. Patel ; sponsored by General Hydromechanics Research Program of the Naval Ship Systems Command, Naval Ship Research and Development Center, contract N00014-68-A-0196-0002. 
264 1 |a Iowa City :  |b Institute of Hydraulic Research, University of Iowa,  |c 1972. 
300 |a iv, 35 pages :  |b illustrations ;  |c 28 cm. 
336 |a text  |b txt  |2 rdacontent 
337 |a unmediated  |b n  |2 rdamedia 
338 |a volume  |b nc  |2 rdacarrier 
490 1 |a IIHR report ;  |v no. 137 
504 |a Includes bibliographical references (pages 21-22). 
650 0 |a Mixing. 
650 0 |a Turbulent boundary layer. 
710 2 |a Naval Ship Research and Development Center. 
740 0 |a Law of the wall using mixing-length theory. 
830 0 |a IIHR report ;  |v no. 137. 
856 4 1 |z Available freely from University of Iowa. Iowa Institute of Hydraulic Research (IIHR) Repository  |u https://www2.iihr.uiowa.edu/wp-content/uploads/2018/05/TR137.pdf  |t 0 
948 |a cataloged  |b h  |c 2002/10/14  |d c  |e jgreene  |f 2:22:51 pm 
994 |a E0  |b TXA 
999 |a MARS 
999 f f |s 8625d570-2895-33ea-bf6b-19a77b16a045  |i 5c94ef4a-4d9c-33cb-b1d1-9e2b102f6af1  |t 0 
952 f f |p ric  |a Texas A&M University  |b Rellis Campus  |c Joint Library Facility  |d Remote Storage  |t 0  |e TC1 .I674 no.137  |h Library of Congress classification  |i unmediated -- volume  |m A14829403468 
998 f f |a TC1 .I674 no.137  |t 0  |l Remote Storage